| 000 | 01193cam a2200217 4500500 | ||
|---|---|---|---|
| 005 | 20260412001143.0 | ||
| 041 | _afre | ||
| 042 | _adc | ||
| 100 | 1 | 0 |
_aDussel, Enrique _eauthor |
| 700 | 1 | 0 |
_aLevine, Emmanuel _eauthor |
| 245 | 0 | 0 | _aAnalogie et communication. Interpellation, dialogue interculturel et transmodernité |
| 260 | _c2026. | ||
| 500 | _a79 | ||
| 520 | _aComment respecter l’altérité de l’Autre, tout en affirmant qu’il est possible de communiquer avec lui, avec elle ? Comment penser la diversité des composantes qui constitue du peuple ? Comment imaginer les contours d’un dialogue interculturel un monde pluriversel, décolonisé et transmoderne ? À ces trois questions, Dussel répond : il faut repenser le concept d’analogie. Un grand texte du philosophe latino-américain, traduit pour la première fois en français pour Les Temps qui restent. | ||
| 690 | _a#ENRIQUE DUSSEL | ||
| 690 | _a#MODERNITÉ | ||
| 690 | _a#TRADUCTION | ||
| 690 | _aÉTUDES | ||
| 786 | 0 | _nLes Temps qui restent | 7 | 3 | 2026-02-20 | p. 40-61 | 3038-0464 | |
| 856 | 4 | 1 | _uhttps://shs.cairn.info/revue-les-temps-qui-restent-2025-3-page-40?lang=fr&redirect-ssocas=7080 |
| 999 |
_c2211277 _d2211277 |
||